[Event "Oberliga NRW 2122"]
[Site "Germany"]
[Date "2021.10.31"]
[Round "1.5"]
[White "Albrecht, Oliver"]
[Black "Wisskirchen, Andreas"]
[Result "1/2-1/2"]
[WhiteElo "2167"]
[BlackElo "2217"]
[PlyCount "90"]
[EventDate "2021.10.31"]
[EventType "team-tourn"]
[EventRounds "9"]
[EventCountry "GER"]
[SourceTitle "EXT 2023"]
[Source "ChessBase"]
[SourceDate "2022.10.05"]
[SourceVersion "1"]
[SourceVersionDate "2022.10.05"]
[SourceQuality "1"]
[WhiteTeam "Siegburg"]
[BlackTeam "Koeln SF"]
[WhiteTeamCountry "GER"]
[BlackTeamCountry "GER"]

1. d4 Nf6 2. c4 g6 3. g3 Bg7 4. Bg2 0-0 5. Nc3 d6 6. Nf3 Nbd7 7. 0-0 e5 8. e4 c6 9. h3 Qe7 10. Re1 a6 11. Be3 b5 12. cxb5 axb5 13. a3 Bb7 14. Rc1 Rfd8 15. Qd2 c5 16. dxe5 dxe5 17. Bg5 Nb6 18. Qe2 b4 19. axb4 cxb4 20. Nd5 Nbxd5 21. exd5 e4 22. Nd2 h6 23. Bxf6 Qxf6 24. b3 Bxd5 25. Bxe4 Bxe4 26. Qxe4 Ra2 27. Nf3 Qb2 28. Rf1 Qxb3 29. Kg2 Rb2 30. Qe7 Rf8 31. Rc7 Qd5 32. Rd7 Qc6 33. Rc7 Qf6 34. Qe4 Qb6 35. Rb7 Qc5 36. Ne1 Qd4 37. Qxd4 Bxd4 38. Nd3 Rb3 39. Rd1 Bc3 40. Nc5 Ra3 41. Ne4 Raa8 42. Nxc3 bxc3 43. Rc1 Rfc8 44. Rb3 c2 45. Rb2 Kg7 1/2-1/2

[Event "Oberliga NRW 1819"]
[Site "Germany"]
[Date "2019.05.12"]
[Round "9.6"]
[White "Khanukov, Boris"]
[Black "Wisskirchen, Andreas"]
[Result "1/2-1/2"]
[WhiteElo "2275"]
[BlackElo "2222"]
[PlyCount "84"]
[EventDate "2018.09.16"]
[EventType "team-tourn"]
[EventRounds "9"]
[EventCountry "GER"]
[SourceTitle "EXT 2020"]
[Source "ChessBase"]
[SourceDate "2019.10.17"]
[SourceVersion "1"]
[SourceVersionDate "2019.10.17"]
[SourceQuality "1"]
[WhiteTeam "Wuppertal Bahn"]
[BlackTeam "Koeln SF"]
[WhiteTeamCountry "GER"]
[BlackTeamCountry "GER"]

1. d4 Nf6 2. Nf3 g6 3. c4 Bg7 4. Nc3 0-0 5. e4 d6 6. Be2 e5 7. 0-0 Nbd7 8. Be3 c6 9. d5 Qe7 10. Nd2 c5 11. a3 a5 12. Rb1 Ne8 13. Nb5 f5 14. f3 Bf6 15. exf5 gxf5 16. f4 Kh8 17. Nf3 Rg8 18. g3 exf4 19. Bxf4 Ne5 20. Qd2 Bd7 21. Nc3 Ng6 22. Kh1 Nxf4 23. gxf4 Ng7 24. Rbe1 h6 25. Bd3 Qf7 26. Ne2 Nh5 27. Rg1 a4 28. Qc2 Rxg1+ 29. Rxg1 Re8 30. Rg2 Re3 31. Nd2 Bg7 32. Nf1 Re8 33. Nfg3 Nxg3+ 34. Nxg3 Re1+ 35. Rg1 Rxg1+ 36. Kxg1 Qf6 37. Bxf5 Qd4+ 38. Kg2 Bxf5 39. Qxf5 Qxb2+ 40. Kh3 Qxa3 41. Qc8+ Kh7 42. Qf5+ Kh8 1/2-1/2

[Event "Oberliga NRW 1819"]
[Site "Germany"]
[Date "2019.04.14"]
[Round "8.7"]
[White "Sonnenschein, Philipp"]
[Black "Wisskirchen, Andreas"]
[Result "1/2-1/2"]
[WhiteElo "2179"]
[BlackElo "2222"]
[PlyCount "46"]
[EventDate "2018.09.16"]
[EventType "team-tourn"]
[EventRounds "9"]
[EventCountry "GER"]
[SourceTitle "EXT 2020"]
[Source "ChessBase"]
[SourceDate "2019.10.17"]
[SourceVersion "1"]
[SourceVersionDate "2019.10.17"]
[SourceQuality "1"]
[WhiteTeam "Dinslaken"]
[BlackTeam "Koeln SF"]
[WhiteTeamCountry "GER"]
[BlackTeamCountry "GER"]

1. e4 c5 2. Nf3 d6 3. d4 cxd4 4. Nxd4 Nf6 5. Nc3 g6 6. Be3 Bg7 7. f3 Nc6 8. Bc4 0-0 9. Qd2 Bd7 10. 0-0-0 Ne5 11. Bb3 Qa5 12. Kb1 Rfc8 13. h4 Nc4 14. Bxc4 Rxc4 15. Nb3 Qc7 16. Bd4 Bc6 17. Rhe1 b5 18. e5 dxe5 19. Bxe5 Qb6 20. Bd4 Qc7 21. Be5 Qb6 22. Bd4 Qc7 23. Be5 Qb6 1/2-1/2

[Event "Oberliga NRW 1819"]
[Site "Germany"]
[Date "2018.12.09"]
[Round "4.6"]
[White "Van Zutphen, Jimmy"]
[Black "Wisskirchen, Andreas"]
[Result "0-1"]
[WhiteElo "2189"]
[BlackElo "2222"]
[PlyCount "128"]
[EventDate "2018.09.16"]
[EventType "team-tourn"]
[EventRounds "9"]
[EventCountry "GER"]
[SourceTitle "EXT 2020"]
[Source "ChessBase"]
[SourceDate "2019.10.17"]
[SourceVersion "1"]
[SourceVersionDate "2019.10.17"]
[SourceQuality "1"]
[WhiteTeam "Erkenschwick"]
[BlackTeam "Koeln SF"]
[WhiteTeamCountry "GER"]
[BlackTeamCountry "GER"]

1. d4 Nf6 2. Bf4 g6 3. e3 Bg7 4. h3 0-0 5. Nf3 d5 6. Be2 c5 7. c3 Nc6 8. 0-0 Qb6 9. Qb3 Qxb3 10. axb3 cxd4 11. exd4 Bf5 12. Nbd2 Ne4 13. b4 Nxd2 14. Bxd2 a6 15. Bf4 f6 16. b5 axb5 17. Bxb5 g5 18. Bc7 g4 19. hxg4 Bxg4 20. Nd2 e5 21. dxe5 fxe5 22. Rfe1 Rae8 23. Ra4 Bc8 24. c4 Be6 25. cxd5 Bxd5 26. Ne4 Rc8 27. Bd6 Rfd8 28. Ba3 Nd4 29. Bd3 Bc6 30. Ra5 Nf3+ 31. gxf3 Rxd3 32. Re3 Rd1+ 33. Kg2 Bh6 34. Rc3 Bf4 35. Rac5 Kf7 36. b4 Rg8+ 37. Ng3 Rd2 38. Kf1 Rd1+ 39. Ke2 Rd2+ 40. Ke1 Ra2 41. Bc1 Bxg3 42. fxg3 Rxg3 43. Be3 Rh3 44. Rc2 Rxc2 45. Rxc2 Rxf3 46. Ke2 Rh3 47. Rc5 Ke6 48. b5 Bf3+ 49. Kf2 Bd5 50. b6 h5 51. Rc7 Rf3+ 52. Ke2 Rf7 53. Rc2 h4 54. Bg1 h3 55. Ke3 Rf3+ 56. Ke2 Rg3 57. Kf1 Be4 58. Rd2 Bd3+ 59. Kf2 Rg2+ 60. Ke3 Rxg1 61. Kxd3 Rg2 62. Rd1 h2 63. Rh1 Kf5 64. Ke3 Kg4 0-1

[Event "Oberliga NRW 1819"]
[Site "Germany"]
[Date "2018.09.16"]
[Round "1.6"]
[White "Wisskirchen, Andreas"]
[Black "Koehler, Markus"]
[Result "1/2-1/2"]
[WhiteElo "2222"]
[BlackElo "2114"]
[PlyCount "117"]
[EventDate "2018.09.16"]
[EventType "team-tourn"]
[EventRounds "9"]
[EventCountry "GER"]
[SourceTitle "EXT 2020"]
[Source "ChessBase"]
[SourceDate "2019.10.17"]
[SourceVersion "1"]
[SourceVersionDate "2019.10.17"]
[SourceQuality "1"]
[WhiteTeam "Koeln SF"]
[BlackTeam "Gerresheim"]
[WhiteTeamCountry "GER"]
[BlackTeamCountry "GER"]

1. d4 Nf6 2. Nf3 g6 3. c4 Bg7 4. Nc3 0-0 5. e4 d6 6. Be2 c5 7. 0-0 cxd4 8. Nxd4 Nc6 9. Nc2 a5 10. Be3 Bd7 11. f3 Nb4 12. Nd4 Na6 13. Qd2 Nc5 14. Rfd1 Qb8 15. Bg5 Ne6 16. Be3 Nc5 17. Ndb5 Bxb5 18. Nxb5 Nfd7 19. Bh6 Qd8 20. Bxg7 Kxg7 21. Rac1 Qb6 22. Kh1 Ne6 23. f4 Nf6 24. Bf3 Nc5 25. Qe2 Rad8 26. Rd2 h5 27. Rcd1 Ne6 28. g3 h4 29. f5 Ng5 30. gxh4 Nxf3 31. Qxf3 Rh8 32. fxg6 fxg6 33. Rg2 Qc6 34. Nc3 Qxc4 35. Rdg1 Rh6 36. Qf5 Qf7 37. Qxa5 Rf8 38. Qg5 Nh5 39. Nd5 e6 40. Ne3 Qf4 41. Ng4 Qxg5 42. hxg5 Rhh8 43. Rc2 Rf7 44. Nh6 Rd7 45. Rf1 Ra8 46. b4 d5 47. exd5 exd5 48. Ng4 Re8 49. b5 d4 50. Rd2 Re4 51. Nf6 Nxf6 52. gxf6+ Kf7 53. Kg2 Rd6 54. a4 Rxf6 55. Rxf6+ Kxf6 56. a5 Re5 57. Rxd4 Rxb5 58. a6 bxa6 59. Rd6+ 1/2-1/2

[Event "BL2-West 1718"]
[Site "Germany"]
[Date "2018.04.15"]
[Round "9.7"]
[White "Pauly, Carlo"]
[Black "Wisskirchen, Andreas"]
[Result "1-0"]
[WhiteElo "2295"]
[BlackElo "2205"]
[PlyCount "33"]
[EventDate "2017.10.08"]
[EventType "team-tourn"]
[EventRounds "9"]
[EventCountry "GER"]
[SourceTitle "EXT 2019"]
[Source "ChessBase"]
[SourceDate "2018.10.10"]
[SourceVersion "1"]
[SourceVersionDate "2018.10.10"]
[SourceQuality "1"]
[WhiteTeam "Koeln Porz"]
[BlackTeam "Koeln SF"]
[WhiteTeamCountry "GER"]
[BlackTeamCountry "GER"]

1. d4 Nf6 2. c4 g6 3. Nc3 Bg7 4. e4 d6 5. Nge2 0-0 6. Ng3 e5 7. d5 c6 8. Be2 a6 9. h4 cxd5 10. cxd5 h5 11. Bg5 Nbd7 12. Qd2 Kh7 13. Nf1 Nc5 14. f3 Qa5 15. Ne3 Nb3 16. Nc4 Nxd2 17. Nxa5 1-0

[Event "BL2-West 1718"]
[Site "Germany"]
[Date "2018.03.18"]
[Round "8.8"]
[White "Bohn, Thomas"]
[Black "Wisskirchen, Andreas"]
[Result "0-1"]
[WhiteElo "2341"]
[BlackElo "2205"]
[PlyCount "52"]
[EventDate "2017.10.08"]
[EventType "team-tourn"]
[EventRounds "9"]
[EventCountry "GER"]
[SourceTitle "CBM 183 Extra"]
[Source "ChessBase"]
[SourceDate "2018.04.19"]
[SourceVersion "1"]
[SourceVersionDate "2018.04.19"]
[SourceQuality "1"]
[WhiteTeam "Koblenz"]
[BlackTeam "Koeln SF"]
[WhiteTeamCountry "GER"]
[BlackTeamCountry "GER"]

1. f4 Nf6 2. Nf3 g6 3. d3 d5 4. g3 Bg7 5. Bg2 0-0 6. 0-0 c5 7. c3 Nc6 8. a4 d4 9. Bd2 Nd5 10. Qb3 e6 11. Na3 Na5 12. Qc2 Bd7 13. Ne5 Nc6 14. Nxd7 Qxd7 15. Rae1 Rad8 16. Nc4 Rfe8 17. e4 dxe3 18. Bxe3 Nxe3 19. Rxe3 Qc7 20. Qb3 Rb8 21. Qb5 Bf8 22. Bxc6 bxc6 23. Qa6 Red8 24. Rf2 Rd5 25. Qa5 Qb7 26. Rff3 Be7 0-1

[Event "BL2-West 1718"]
[Site "Germany"]
[Date "2018.02.04"]
[Round "6.8"]
[White "Juegel, Marcel"]
[Black "Wisskirchen, Andreas"]
[Result "0-1"]
[WhiteElo "2170"]
[BlackElo "2205"]
[PlyCount "78"]
[EventDate "2017.10.08"]
[EventType "team-tourn"]
[EventRounds "9"]
[EventCountry "GER"]
[SourceTitle "CBM 183 Extra"]
[Source "ChessBase"]
[SourceDate "2018.04.19"]
[SourceVersion "1"]
[SourceVersionDate "2018.04.19"]
[SourceQuality "1"]
[WhiteTeam "Aachen DJK"]
[BlackTeam "Koeln SF"]
[WhiteTeamCountry "GER"]
[BlackTeamCountry "GER"]

1. d4 Nf6 2. Nf3 g6 3. Nc3 d5 4. Bf4 c6 5. e3 Bg7 6. Be2 0-0 7. Ne5 Nfd7 8. h4 Nxe5 9. Bxe5 f6 10. Bxb8 Rxb8 11. h5 g5 12. h6 Bh8 13. Qd3 f5 14. 0-0-0 e5 15. dxe5 Bxe5 16. g3 g4 17. Rh5 Qf6 18. Rdh1 Be6 19. f4 gxf3 20. Bxf3 Kh8 21. Ne2 Bxb2+ 22. Kd2 Be5 23. Nf4 Rbd8 24. R1h4 c5 25. Qb5 Bf7 26. Qxb7 Bxh5 27. Nxh5 Qf7 28. Qb5 Qe7 29. Nf4 d4 30. exd4 Bxd4 31. Nd5 Qg5+ 32. Rf4 Qxg3 33. Rxd4 Qf2+ 34. Kc1 Qxd4 35. Qb7 Rg8 36. c3 Rg3 37. Kb2 Qf2+ 38. Ka3 Qxf3 39. Qe7 Qxd5 0-1

[Event "BL2-West 1718"]
[Site "Germany"]
[Date "2017.11.12"]
[Round "3.8"]
[White "Begnis, Nikolaos"]
[Black "Wisskirchen, Andreas"]
[Result "1/2-1/2"]
[WhiteElo "2278"]
[BlackElo "2205"]
[PlyCount "29"]
[EventDate "2017.10.08"]
[EventType "team-tourn"]
[EventRounds "9"]
[EventCountry "GER"]
[SourceTitle "CBM 183 Extra"]
[Source "ChessBase"]
[SourceDate "2018.04.19"]
[SourceVersion "1"]
[SourceVersionDate "2018.04.19"]
[SourceQuality "1"]
[WhiteTeam "Aachen SV"]
[BlackTeam "Koeln SF"]
[WhiteTeamCountry "GER"]
[BlackTeamCountry "GER"]

1. e4 c5 2. Nf3 d6 3. d4 cxd4 4. Nxd4 Nf6 5. Nc3 g6 6. Be3 Bg7 7. f3 0-0 8. Qd2 Nc6 9. Bc4 Bd7 10. 0-0-0 Qa5 11. Bb3 Rfc8 12. Kb1 Ne5 13. Bg5 Rc5 14. h4 Rac8 15. Bxf6 1/2-1/2

[Event "Mittelrhein Regionalliga 1718"]
[Site "Nordrheinwestfalen"]
[Date "2017.10.01"]
[Round "2.2"]
[White "Coenen, Norbert"]
[Black "Wisskirchen, Andreas"]
[Result "1/2-1/2"]
[WhiteElo "2232"]
[BlackElo "2153"]
[PlyCount "28"]
[EventDate "2017.09.10"]
[EventType "team-tourn"]
[EventRounds "9"]
[EventCountry "GER"]
[SourceTitle "EXT 2022"]
[Source "ChessBase"]
[SourceDate "2021.10.06"]
[SourceVersion "1"]
[SourceVersionDate "2021.10.06"]
[SourceQuality "1"]
[WhiteTeam "Aachen SV II"]
[BlackTeam "Klub Koelner SF II"]
[WhiteTeamCountry "GER"]
[BlackTeamCountry "GER"]

1. e4 c5 2. Nf3 d6 3. d4 cxd4 4. Nxd4 Nf6 5. f3 g6 6. c4 Nc6 7. Be3 Bg7 8. Qd2 0-0 9. Be2 a6 10. 0-0 Bd7 11. Nc3 Rb8 12. Nb3 Ne5 13. Rfd1 b5 14. cxb5 axb5 1/2-1/2

[Event "Oberliga NRW 1617"]
[Site "Germany"]
[Date "2017.05.21"]
[Round "9.7"]
[White "Brockhaus, Philip"]
[Black "Wisskirchen, Andreas"]
[Result "1/2-1/2"]
[WhiteElo "1906"]
[BlackElo "2224"]
[PlyCount "60"]
[EventDate "2016.09.25"]
[EventType "team-tourn"]
[EventRounds "9"]
[EventCountry "GER"]
[SourceTitle "EXT 2020"]
[Source "ChessBase"]
[SourceDate "2019.10.17"]
[SourceVersion "1"]
[SourceVersionDate "2019.10.17"]
[SourceQuality "1"]
[WhiteTeam "Dinslaken"]
[BlackTeam "Koeln SF"]
[WhiteTeamCountry "GER"]
[BlackTeamCountry "GER"]

1. d4 Nf6 2. Nf3 d5 3. c4 c6 4. e3 e6 5. Bd3 Nbd7 6. 0-0 Bd6 7. b3 Qe7 8. Bb2 dxc4 9. Bxc4 e5 10. dxe5 Nxe5 11. Nxe5 Bxe5 12. Bxe5 Qxe5 13. Nd2 Bg4 14. Be2 Bxe2 15. Qxe2 0-0 16. Rfd1 Nd5 17. Nf3 Qf6 18. Qc4 Rad8 19. Rac1 Nc3 20. Rd4 Rxd4 21. Nxd4 Ne4 22. Nf3 Qb2 23. Qc2 Qxc2 24. Rxc2 Rd8 25. Kf1 Rd1+ 26. Ke2 Ra1 27. Kd3 Nf6 28. e4 Kf8 29. h3 Ke7 30. Ke3 h6 1/2-1/2

[Event "Oberliga NRW 1516"]
[Site "Germany"]
[Date "2016.05.08"]
[Round "9.8"]
[White "Rott, Georg"]
[Black "Wisskirchen, Andreas"]
[Result "1/2-1/2"]
[WhiteElo "2177"]
[BlackElo "2188"]
[PlyCount "76"]
[EventDate "2015.09.27"]
[EventType "team-tourn"]
[EventRounds "9"]
[EventCountry "GER"]
[SourceTitle "EXT 2017"]
[Source "ChessBase"]
[SourceDate "2016.10.25"]
[SourceVersion "1"]
[SourceVersionDate "2016.10.25"]
[SourceQuality "1"]
[WhiteTeam "Muenster"]
[BlackTeam "Koeln SF"]
[WhiteTeamCountry "GER"]
[BlackTeamCountry "GER"]

1. e4 c5 2. Nf3 d6 3. Bb5+ Bd7 4. Bxd7+ Qxd7 5. c4 Nc6 6. d4 cxd4 7. Nxd4 Nf6 8. Nc3 g6 9. b3 Bg7 10. Bb2 0-0 11. 0-0 Rac8 12. Nxc6 bxc6 13. Qe2 Qe6 14. Rfe1 Rfd8 15. Qf3 Nd7 16. h3 a5 17. Rad1 Rb8 18. Qe3 Nc5 19. Ba3 Qe5 20. Rc1 Qd4 21. Bxc5 dxc5 22. Qe2 Qd3 23. Na4 Qxe2 24. Rxe2 Bd4 25. Kf1 e5 26. Rd1 Kf8 27. Red2 Ke7 28. Ke2 f5 29. f3 fxe4 30. fxe4 Rf8 31. Rf1 Rxf1 32. Kxf1 Rf8+ 33. Ke1 Rf4 34. Re2 h5 35. Kd2 Rf1 36. Re1 Rf2+ 37. Re2 Rf1 38. Re1 Rf2+ 1/2-1/2

[Event "Oberliga NRW 1516"]
[Site "Germany"]
[Date "2015.12.20"]
[Round "4.8"]
[White "Wisskirchen, Andreas"]
[Black "Richardt, Mike"]
[Result "1/2-1/2"]
[WhiteElo "2188"]
[BlackElo "1985"]
[PlyCount "117"]
[EventDate "2015.09.27"]
[EventType "team-tourn"]
[EventRounds "9"]
[EventCountry "GER"]
[SourceTitle "EXT 2017"]
[Source "ChessBase"]
[SourceDate "2016.10.25"]
[SourceVersion "1"]
[SourceVersionDate "2016.10.25"]
[SourceQuality "1"]
[WhiteTeam "Koeln SF"]
[BlackTeam "Plettenberg"]
[WhiteTeamCountry "GER"]
[BlackTeamCountry "GER"]

1. d4 d5 2. Nf3 Nf6 3. c4 c6 4. Nc3 e6 5. e3 Bd6 6. Bd3 Nbd7 7. 0-0 0-0 8. e4 dxe4 9. Nxe4 Nxe4 10. Bxe4 e5 11. dxe5 Nxe5 12. Nxe5 Bxe5 13. Bxh7+ Kxh7 14. Qh5+ Kg8 15. Qxe5 Re8 16. Qc3 Bf5 17. Be3 Qc7 18. Rfd1 Rad8 19. Rd4 Rxd4 20. Qxd4 b6 21. Rd1 Qe7 22. a3 c5 23. Qc3 Rd8 24. Rxd8+ Qxd8 25. h3 Qd1+ 26. Kh2 Qd6+ 27. Kg1 Qd1+ 28. Kh2 Qd6+ 29. f4 a5 30. Qe5 Qxe5 31. fxe5 a4 32. Bg5 Bd3 33. Bd8 b5 34. cxb5 Bxb5 35. Be7 c4 36. g4 Kh7 37. Kg3 Kg6 38. Kf4 Bd7 39. h4 f6 40. exf6 gxf6 41. h5+ Kf7 42. Bb4 Be6 43. Bc3 Bd5 44. Bd4 Be6 45. g5 fxg5+ 46. Kxg5 Kg8 47. Kf4 Kh7 48. Be3 Bf7 49. Kg5 Be8 50. h6 Bg6 51. Kf6 Bc2 52. Ke5 Kg6 53. Kd4 Bb3 54. Kc5 Kh7 55. Kb4 Kg6 56. Kc3 Kh7 57. Kb4 Kg8 58. Kc3 Kh7 59. Kb4 1/2-1/2

[Event "Oberliga NRW 1415"]
[Site "Germany"]
[Date "2015.03.01"]
[Round "7.6"]
[White "Wisskirchen, Andreas"]
[Black "Duijker, Rick"]
[Result "1/2-1/2"]
[WhiteElo "2179"]
[BlackElo "2280"]
[PlyCount "47"]
[EventDate "2014.09.14"]
[EventType "team-tourn"]
[EventRounds "9"]
[EventCountry "GER"]
[SourceTitle "EXT 2017"]
[Source "ChessBase"]
[SourceDate "2016.10.25"]
[SourceVersion "1"]
[SourceVersionDate "2016.10.25"]
[SourceQuality "1"]
[WhiteTeam "Koeln SF"]
[BlackTeam "Duesseldorf"]
[WhiteTeamCountry "GER"]
[BlackTeamCountry "GER"]

1. Nf3 Nf6 2. c4 e6 3. Nc3 d5 4. cxd5 exd5 5. d4 Be7 6. Bg5 0-0 7. e3 c6 8. Qc2 Re8 9. Bd3 Nbd7 10. 0-0 Nf8 11. Rab1 g6 12. b4 a6 13. a4 Ne6 14. Bh4 Ng7 15. b5 axb5 16. axb5 Bf5 17. bxc6 Bxd3 18. Qxd3 bxc6 19. Ne5 Qd6 20. Rb6 Nd7 21. Bxe7 Rxe7 22. Nxd7 Qxd7 23. Rfb1 Nf5 24. Rb8+ 1/2-1/2

[Event "Oberliga NRW 1415"]
[Site "Germany"]
[Date "2014.09.14"]
[Round "1.5"]
[White "Wisskirchen, Andreas"]
[Black "Pauly, Carlo"]
[Result "1-0"]
[WhiteElo "2179"]
[BlackElo "2198"]
[PlyCount "81"]
[EventDate "2014.09.14"]
[EventType "team-tourn"]
[EventRounds "9"]
[EventCountry "GER"]
[SourceTitle "EXT 2017"]
[Source "ChessBase"]
[SourceDate "2016.10.25"]
[SourceVersion "1"]
[SourceVersionDate "2016.10.25"]
[SourceQuality "1"]
[WhiteTeam "Koeln SF"]
[BlackTeam "Koeln Porz II"]
[WhiteTeamCountry "GER"]
[BlackTeamCountry "GER"]

1. d4 Nf6 2. Nf3 b6 3. c4 Bb7 4. g3 e6 5. Bg2 c5 6. d5 exd5 7. Nh4 b5 8. cxd5 d6 9. 0-0 g6 10. a4 b4 11. b3 Bg7 12. Bb2 0-0 13. e4 Nbd7 14. Re1 a5 15. Nd2 Nb6 16. Bf1 Qc8 17. Ng2 Re8 18. Qc2 Ba6 19. Bxa6 Rxa6 20. Ne3 Qh3 21. f3 Nfd7 22. Bxg7 Kxg7 23. Ndc4 Nxc4 24. Nxc4 Qh5 25. f4 g5 26. Rf1 gxf4 27. Rxf4 Ne5 28. Raf1 Nxc4 29. Qxc4 Ra7 30. Rf5 Qh6 31. R1f4 Rae7 32. Qe2 f6 33. Qf3 Kh8 34. Rxf6 Qg5 35. R6f5 Qh6 36. Rf6 Qg5 37. Kg2 Rg8 38. Rxd6 Qe5 39. Rdf6 c4 40. bxc4 Rb7 41. Rf8 1-0

[Event "Oberliga NRW 1314"]
[Site "Germany"]
[Date "2014.03.09"]
[Round "7.5"]
[White "Van Foreest, Jorden"]
[Black "Wisskirchen, Andreas"]
[Result "1-0"]
[WhiteElo "2349"]
[BlackElo "2187"]
[PlyCount "55"]
[EventDate "2013.09.15"]
[EventType "team-tourn"]
[EventRounds "9"]
[EventCountry "GER"]
[SourceTitle "EXT 2015"]
[Source "ChessBase"]
[SourceDate "2014.11.20"]
[SourceVersion "1"]
[SourceVersionDate "2014.11.20"]
[SourceQuality "1"]
[WhiteTeam "Emsdetten Turm II"]
[BlackTeam "Koeln SF"]
[WhiteTeamCountry "GER"]
[BlackTeamCountry "GER"]

1. e4 c5 2. Nf3 d6 3. d4 cxd4 4. Nxd4 Nf6 5. Nc3 g6 6. Be3 Bg7 7. f3 0-0 8. Qd2 Nc6 9. g4 Nxd4 10. Bxd4 Be6 11. 0-0-0 Qa5 12. a3 Rfc8 13. h4 Bc4 14. Bxc4 Rxc4 15. Bxf6 exf6 16. Nd5 Qd8 17. h5 Rac8 18. c3 b5 19. hxg6 hxg6 20. Rh3 f5 21. gxf5 Rd4 22. Qg2 Rxd5 23. Rxd5 Qf6 24. fxg6 fxg6 25. Qd2 Qe6 26. Rg3 Be5 27. f4 Bg7 28. Rxd6 1-0

[Event "Oberliga NRW 1314"]
[Site "Germany"]
[Date "2013.10.06"]
[Round "2.5"]
[White "Wisskirchen, Andreas"]
[Black "Kusnetsov, Mark"]
[Result "0-1"]
[WhiteElo "2185"]
[BlackElo "2175"]
[PlyCount "78"]
[EventDate "2013.09.15"]
[EventType "team-tourn"]
[EventRounds "9"]
[EventCountry "GER"]
[SourceTitle "EXT 2015"]
[Source "ChessBase"]
[SourceDate "2014.11.20"]
[SourceVersion "1"]
[SourceVersionDate "2014.11.20"]
[SourceQuality "1"]
[WhiteTeam "Koeln SF"]
[BlackTeam "Castrop Rauxel"]
[WhiteTeamCountry "GER"]
[BlackTeamCountry "GER"]

1. Nf3 Nf6 2. d4 d5 3. c4 e6 4. Nc3 c6 5. e3 Nbd7 6. Qc2 Bd6 7. Be2 0-0 8. 0-0 dxc4 9. Bxc4 b5 10. Bd3 Bb7 11. Bd2 Rc8 12. Rae1 c5 13. Nxb5 cxd4 14. Qb1 Ne5 15. Nxe5 Bxe5 16. exd4 Qd5 17. f3 Bb8 18. Re2 Rfd8 19. Be3 Qh5 20. h3 Nd5 21. Bd2 Nf4 22. Bxf4 Bxf4 23. Nc3 Rxd4 24. Ree1 Bb8 25. Ne2 Rh4 26. Be4 Qc5+ 27. Kh1 Qe5 28. Kg1 Rxe4 29. fxe4 Bxe4 30. Qd1 Qh2+ 31. Kf2 Qxg2+ 32. Ke3 f5 33. Qd7 Qg5+ 34. Kf2 Rd8 35. Qxe6+ Kh8 36. Rd1 Qg2+ 37. Ke3 Qxh3+ 38. Kf2 Qf3+ 39. Ke1 Bg3+ 0-1

[Event "Oberliga NRW 1314"]
[Site "Germany"]
[Date "2013.09.15"]
[Round "1.5"]
[White "Wittenberg, Andreas"]
[Black "Wisskirchen, Andreas"]
[Result "1/2-1/2"]
[WhiteElo "2149"]
[BlackElo "2185"]
[PlyCount "63"]
[EventDate "2013.09.15"]
[EventType "team-tourn"]
[EventRounds "9"]
[EventCountry "GER"]
[SourceTitle "EXT 2015"]
[Source "ChessBase"]
[SourceDate "2014.11.20"]
[SourceVersion "1"]
[SourceVersionDate "2014.11.20"]
[SourceQuality "1"]
[WhiteTeam "Muelheim II"]
[BlackTeam "Koeln SF"]
[WhiteTeamCountry "GER"]
[BlackTeamCountry "GER"]

1. d4 Nf6 2. Nf3 g6 3. g3 Bg7 4. Bg2 0-0 5. 0-0 d6 6. b3 c6 7. Bb2 Qc7 8. Nbd2 Nbd7 9. e4 Re8 10. Re1 e5 11. Nc4 Bf8 12. Ba3 b5 13. dxe5 bxc4 14. exf6 Nxf6 15. Qd4 Nh5 16. Rad1 cxb3 17. axb3 c5 18. Qd3 Bb7 19. Bb2 Bg7 20. Bxg7 Nxg7 21. Qxd6 Qxd6 22. Rxd6 Bxe4 23. Ne5 Bxg2 24. Kxg2 Re6 25. Rxe6 Nxe6 26. Re3 a5 27. Rc3 a4 28. bxa4 Rxa4 29. Nd7 Ra7 30. Nxc5 Rc7 31. Ne4 Rxc3 32. Nxc3 1/2-1/2

[Event "Oberliga NRW 1213"]
[Site "Germany"]
[Date "2013.02.17"]
[Round "6.6"]
[White "Wisskirchen, Andreas"]
[Black "Ahn, Martin"]
[Result "1/2-1/2"]
[WhiteElo "2205"]
[BlackElo "2220"]
[PlyCount "26"]
[EventDate "2012.09.16"]
[EventType "team-tourn"]
[EventRounds "9"]
[EventCountry "GER"]
[SourceTitle "EXT 2017"]
[Source "ChessBase"]
[SourceDate "2016.10.25"]
[SourceVersion "1"]
[SourceVersionDate "2016.10.25"]
[SourceQuality "1"]
[WhiteTeam "Koeln SF"]
[BlackTeam "Aachen"]
[WhiteTeamCountry "GER"]
[BlackTeamCountry "GER"]

1. d4 Nf6 2. Nf3 g6 3. g3 Bg7 4. Bg2 0-0 5. 0-0 d6 6. c4 Nbd7 7. Nc3 e5 8. e4 Re8 9. d5 Nc5 10. Ne1 a5 11. Rb1 b6 12. Nc2 Bd7 13. f3 Nh5 1/2-1/2

[Event "Oberliga NRW 1213"]
[Site "Germany"]
[Date "2012.09.16"]
[Round "1.8"]
[White "Wisskirchen, Andreas"]
[Black "Seitz, Simon"]
[Result "1-0"]
[WhiteElo "2205"]
[BlackElo "1961"]
[PlyCount "75"]
[EventDate "2012.09.16"]
[EventType "team-tourn"]
[EventRounds "9"]
[EventCountry "GER"]
[SourceTitle "EXT 2017"]
[Source "ChessBase"]
[SourceDate "2016.10.25"]
[SourceVersion "1"]
[SourceVersionDate "2016.10.25"]
[SourceQuality "1"]
[WhiteTeam "Koeln SF"]
[BlackTeam "Dortmund Hansa II"]
[WhiteTeamCountry "GER"]
[BlackTeamCountry "GER"]

1. d4 Nf6 2. Nf3 e6 3. c4 c5 4. e3 cxd4 5. exd4 d5 6. Nc3 Nc6 7. Bg5 Be7 8. Be2 0-0 9. 0-0 dxc4 10. Bxc4 Nd5 11. Bxd5 exd5 12. Bxe7 Nxe7 13. Qb3 f6 14. h3 b6 15. Rfe1 Bb7 16. Rac1 Rf7 17. Re6 Qd7 18. Rce1 Rd8 19. Nb5 Nc8 20. Nh4 g6 21. a4 Bc6 22. Nc3 Kg7 23. Nb5 Qb7 24. Qg3 Bxb5 25. axb5 Qd7 26. Nf5+ Kh8 27. Nh6 Rff8 28. Qf4 f5 29. Re7 Qd6 30. Qxd6 Nxd6 31. Rxa7 Nxb5 32. Rb7 Nd6 33. Rbe7 Rf6 34. h4 Rdf8 35. Rd7 Nc8 36. Rc1 Rd6 37. Nf7+ Rxf7 38. Rxc8+ 1-0